[Event "14th Bieze"]
[Site "Arnhem NED"]
[Date "2006.01.07"]
[Round "5"]
[White "Sprangers,R"]
[Black "Stellwagen,D"]
[Result "0-1"]
[WhiteElo "2127"]
[BlackElo "2561"]

1.e4 e6 2.d4 d5 3.Nc3 Nf6 4.e5 Nfd7 5.f4 c5 6.Nf3 Nc6 7.Be3 cxd4 8.Nxd4 Bc5
9.Qd2 O-O 10.O-O-O a6 11.h4 Nxd4 12.Bxd4 b5 13.h5 b4 14.Ne2 a5 15.Rh3 Ba6
16.Qe3 Qc7 17.Rg3 Rfc8 18.Rd2 Bxd4 19.Qxd4 Nc5 20.Re3 Ne4 21.Rxe4 dxe4 22.Qxe4 Bc4
23.h6 g6 24.Qf3 a4 25.Nd4 Bxf1 26.Qxf1 a3 27.b3 Qc3 28.Kd1 Rd8 29.Qf2 Rd5
30.Rd3 Qa1+ 31.Ke2 Qh1 32.Qf3 Rc8 33.Kd2 Qxh6 34.Ne2 Rxd3+ 35.Qxd3 Qf8 36.Ke1 Qc5
37.Qd7 Qxc2 38.Kf2 Rf8 39.Qe7  0-1

[Event "10th Open"]
[Site "Bad Zwesten GER"]
[Date "2006.01.07"]
[Round "8"]
[White "Bauer,Ch"]
[Black "Bischoff,K"]
[Result "1/2-1/2"]
[WhiteElo "2625"]
[BlackElo "2555"]

1.d4 e6 2.e4 d5 3.Nc3 Nf6 4.e5 Nfd7 5.f4 c5 6.Nf3 Nc6 7.Ne2 Be7 8.c3 O-O
9.g3 cxd4 10.cxd4 f5 11.Nc3 Nb6 12.Be2 Bd7 13.O-O a5 14.a4 Nb4 15.b3 Rc8
16.Bb2 Na8 17.Qd2 Qb6 18.Rfc1 Nc7 19.Kh1 Be8 20.Ne1 Bd7 21.Nf3 Be8 22.Ne1  1/2-1/2

[Event "10th Open"]
[Site "Bad Zwesten GER"]
[Date "2006.01.08"]
[Round "9"]
[White "Dorst,J"]
[Black "Helstroffer,A"]
[Result "0-1"]
[WhiteElo "2124"]
[BlackElo "2281"]

1.e4 e6 2.d4 d5 3.Nc3 Nf6 4.e5 Nfd7 5.Nce2 c5 6.c3 Nc6 7.a3 f6 8.Nf4 Qe7
9.exf6 Qxf6 10.Nf3 Bd6 11.Nh5 Qf7 12.Ng5 Qe7 13.Be2 O-O 14.Qd3 g6 15.Ng3 cxd4
16.cxd4 Nxd4 17.Qxd4 Bc5 18.Qd2 Bxf2+ 19.Kd1 Nc5 20.Qc2 Bd7 21.b3 Rac8 22.Qa2 Na4
23.Bd2 Qf6 24.Nf3 Nb2+  0-1

[Event "Keres Mem Women"]
[Site "Tallin EST"]
[Date "2006.01.09"]
[Round "2"]
[White "Laesson,T"]
[Black "Grabuzova,T"]
[Result "0-1"]
[WhiteElo "2222"]
[BlackElo "2355"]

1.e4 e6 2.d4 d5 3.Nc3 Nf6 4.e5 Nfd7 5.f4 c5 6.Nf3 Nc6 7.Be3 a6 8.Qd2 b5 9.a3 g5
10.fxg5 cxd4 11.Bxd4 Bg7 12.O-O-O Nxd4 13.Qxd4 Bxe5 14.Qe3 Bxc3 15.Qxc3 O-O
16.h4 Bb7 17.Bd3 Rc8 18.Qd4 Qc7 19.Rhe1 a5 20.Ne5 Nxe5 21.Qxe5 Qxe5 22.Rxe5 b4
23.axb4 axb4 24.Kd2 Ra8 25.Rf1 Ra2 26.Rf4 Rxb2 27.Kc1 Ra2 28.Rxb4 Ba6 29.Kb1 Ra5
30.Bxa6 Rxa6 31.Kc1 Rfa8 32.Re3 Ra4 33.Rxa4 Rxa4 34.g3 Ra1+ 35.Kd2 Rf1 36.Ke2 Rf5
37.Rb3 Kg7 38.Rb4 Re5+ 39.Kf3 Re1 40.h5 Rc1 41.Rb2 Rd1 42.Rb7 Rd4 43.Rb8 h6
44.gxh6+ Kxh6 45.g4 Rc4 46.Rb7 Kg5 47.Rxf7 Rc3+ 48.Ke2 Kxg4 49.Rf6 e5 50.Kd2 Rh3
51.h6 Kg5 52.Rd6 d4 53.Rc6 Rxh6 54.Rc5 Kf4 55.Kd3 Rh3+ 56.Kd2 e4  0-1

[Event "4th Parsvnath Open"]
[Site "New Delhi IND"]
[Date "2006.01.17"]
[Round "4"]
[White "Fedorov,Alex"]
[Black "Kamble,V"]
[Result "1-0"]
[WhiteElo "2608"]
[BlackElo "2403"]

1.e4 e6 2.d4 d5 3.Nc3 Nf6 4.e5 Nfd7 5.f4 c5 6.Nf3 Nc6 7.Be3 a6 8.Qd2 b5 9.a3 Bb7
10.Bd3 Qb6 11.Qf2 c4 12.Be2 a5 13.f5 exf5 14.Nxd5 Qd8 15.Rd1 Be7 16.Qg3 Nf8
17.Nf4 g5 18.Nh5 f4 19.Ng7+ Kd7 20.Qg4+ Kc7 21.d5 Bc8 22.Qh5 Ng6 23.d6+ Kb8
24.dxe7 Qxe7 25.Bf2 Qf8 26.Rd5 Qxg7 27.Rxb5+ Bb7 28.Qxg5 Re8 29.O-O h6 30.Qg4 Qh7
31.Qd7  1-0

[Event "4th Parsvnath Open"]
[Site "New Delhi IND"]
[Date "2006.01.17"]
[Round "5"]
[White "Konguvel,P"]
[Black "Barua,D"]
[Result "0-1"]
[WhiteElo "2400"]
[BlackElo "2464"]

1.e4 e6 2.d4 d5 3.Nc3 Nf6 4.e5 Nfd7 5.f4 c5 6.Nf3 Nc6 7.Be3 a6 8.Qd2 b5 9.a3 Qb6
10.Ne2 b4 11.axb4 cxb4 12.g4 b3 13.c3 h5 14.gxh5 Rxh5 15.Ng3 Rh8 16.f5 Nb4
17.Kf2 Nc2 18.Rd1 exf5 19.Nxf5 Nf6 20.Nxg7+ Bxg7 21.exf6 Bxf6 22.Bg5 Bg4
23.Bg2 Qd6 24.Bf4 Qd7 25.Bg3 Qf5 26.Qf4 Qxf4 27.Bxf4 O-O-O 28.Rd2 a5 29.Bf1 Kb7
30.Bd3 Rdg8 31.Bg3 Rh5 32.Rf1 Bf5 33.Bxf5 Rxf5 34.Re2 a4 35.Kg2 Rg4 36.Ne5 Rxg3+
37.hxg3 Rxf1 38.Kxf1 Bxe5 39.Rxe5 a3 40.Rxd5 Ne3+  0-1

[Event "Open"]
[Site "Zagreb CRO"]
[Date "2006.01.17"]
[Round "4"]
[White "Saric,Iv"]
[Black "Saric,Ib"]
[Result "1/2-1/2"]
[WhiteElo "2339"]
[BlackElo "2441"]

1.e4 e6 2.d4 d5 3.Nc3 Nf6 4.e5 Nfd7 5.f4 c5 6.Nf3 Nc6 7.Be3 a6 8.Qd2 b5 9.dxc5 Bxc5
10.Bxc5 Nxc5 11.Qf2 Na4 12.Nxa4 bxa4 13.Bd3 Rb8 14.O-O Qb6 15.b3 Qxf2+ 16.Kxf2 O-O
17.Rab1 axb3 18.Rxb3 Rxb3 19.axb3 f6 20.Ke3 Bb7 21.Nd4 fxe5 22.Nxc6 Bxc6
23.fxe5 Rxf1 24.Bxf1 a5 25.Kd4 a4 26.bxa4 Bxa4 27.Bd3 Kf7 28.Kc5 h6 29.Kd6 d4
30.Kc5 Ke7 31.Kxd4 Kd7 32.Kc5 Kc7 33.c3 Be8 34.c4 Bh5 35.g3 Be8 36.Bh7 Bf7
37.h3 g6 38.h4 g5 39.hxg5 hxg5 40.Kb5 Be8+ 41.Kb4 Bf7 42.Kc5 Bh5 43.Bg8 Bg4
44.Bf7 Bf5 45.Kd4 Bg4 46.c5 Kd7 47.Ke4 Kc6 48.Kd4  1/2-1/2

[Event "Open"]
[Site "Zagreb CRO"]
[Date "2006.01.17"]
[Round "4"]
[White "Zelic,Ml"]
[Black "Bukal,V jr"]
[Result "0-1"]
[WhiteElo "2249"]
[BlackElo "2445"]

1.e4 e6 2.d4 d5 3.Nc3 Nf6 4.e5 Nfd7 5.f4 c5 6.Nf3 Nc6 7.Bd3 cxd4 8.Ne2 Bb4+
9.Bd2 Bc5 10.O-O f6 11.Ng3 O-O 12.Qe2 f5 13.Kh1 Qe8 14.Qf2 a5 15.Ne2 Ba7
16.Rg1 Nc5 17.g4 Ne4 18.Qe1 fxg4 19.Rxg4 Qh5 20.h3 Ne7 21.Ng3 Qxh3+ 22.Nh2 Nf5
23.Bxe4 Ne3 24.Bxe3 dxe4 25.Bg1 Bd7 26.Qf1 Qh6 27.Nxe4 Bc6 28.Re1 Rf5 29.c3 Raf8
30.Bxd4 Bxd4 31.cxd4 Rxf4 32.Qg2 Rxg4 33.Qxg4 Rf4 34.Qg3 Rxe4 35.Rxe4 Bxe4+
36.Kg1 Qc1+ 37.Nf1 Qxb2 38.Qe3 Qg2+  0-1

[Event "Classic"]
[Site "Queenstown NZL"]
[Date "2006.01.18"]
[Round "4"]
[White "Donaldson,B"]
[Black "Thornton,G"]
[Result "1-0"]
[WhiteElo "2012"]
[BlackElo "2081"]

1.e4 e6 2.d4 d5 3.Nc3 Nf6 4.e5 Nfd7 5.f4 c5 6.Nf3 Nc6 7.Be3 a6 8.Qd2 b5 9.a4 b4
10.Ne2 h6 11.g4 cxd4 12.Nexd4 Nxd4 13.Bxd4 Nc5 14.Bd3 Be7 15.O-O O-O 16.b3 Ne4
17.Qe3 Qc7 18.Rae1 Bd7 19.Re2 Rfc8 20.Rg2 Kf8 21.h4 Rcb8 22.h5 Ke8 23.g5 Bc6
24.gxh6 gxh6 25.f5 Kd7 26.fxe6+ fxe6 27.Rg7 Rh8 28.Nh4 Rag8 29.Rf7 Kc8 30.Ng6 Rxg7
31.Rxg7 Re8 32.Qxh6 Qd8 33.Qe3 Bb7 34.Bb6 Qd7 35.h6 Kb8 36.h7 Bc5 37.Rxd7  1-0

[Event "TCh-BEL 2005-6"]
[Site "Belgium BEL"]
[Date "2006.01.21"]
[Round "7"]
[White "Meessen,R"]
[Black "Groffen,H"]
[Result "1-0"]
[WhiteElo "2316"]
[BlackElo "2185"]

1.e4 e6 2.d4 d5 3.Nc3 Nf6 4.e5 Nfd7 5.f4 c5 6.Nf3 Nc6 7.Be3 a6 8.Qd2 b5 9.dxc5 Bxc5
10.Bxc5 Nxc5 11.Qf2 Qb6 12.Bd3 b4 13.Ne2 a5 14.O-O h6 15.Kh1 Ne7 16.Ng3 g6
17.b3 Ba6 18.Rad1 Bxd3 19.cxd3 Rb8 20.Ne2 Kd7 21.Ned4 Na6 22.Qh4 Nc7 23.Rc1 Rbg8
24.Rc2 g5 25.fxg5 hxg5 26.Qg4 Nb5 27.Nxb5 Qxb5 28.Rfc1 Qxd3 29.Rc7+ Kd8 30.Qd4 Qxd4
31.Nxd4 Rh4 32.Nb5 Rgh8 33.h3 Ke8 34.Rb7 Kf8 35.Rcc7 Nf5 36.Rxf7+ Kg8 37.Rfc7 Ng3+
38.Kh2 Nf1+ 39.Kg1 Rf4 40.Rb8+  1-0

[Event "Winter Open"]
[Site "Belgrade SCG"]
[Date "2006.01.27"]
[Round "7"]
[White "Sarenac,D"]
[Black "Strbac,M"]
[Result "1-0"]
[WhiteElo "2155"]
[BlackElo "2288"]

1.e4 e6 2.d4 d5 3.Nc3 Nf6 4.e5 Nfd7 5.f4 c5 6.Nf3 Nc6 7.Be3 Qb6 8.Na4 Qa5+
9.c3 b6 10.Bd2 c4 11.b4 Nxb4 12.cxb4 Bxb4 13.Qc2 Bxd2+ 14.Nxd2 Nb8 15.Kf2 b5
16.Nc3 Nc6 17.Nf3 b4 18.Ne2 Qb6 19.g3 a5 20.Bh3 f6 21.Rhd1 O-O 22.Kg2 f5
23.Kh1 h5 24.Ng5 b3 25.axb3 cxb3 26.Qb2 a4 27.Bf1 Bd7 28.Nf3 Nb4 29.Ne1 Bb5
30.Kg1 Rfc8 31.Nc3 Bxf1 32.Kxf1 Qc6 33.Rdc1 Qc4+ 34.Ne2 Qb5 35.Kf2 Nd3+ 36.Nxd3 Qxd3
37.Rxa4 Rxa4 38.Rxc8+ Kh7 39.Rc3 Ra2 40.Rxd3 Rxb2 41.h4 Kg8 42.Rd1  1-0

[Event "GM"]
[Site "Marianske Lazne CZE"]
[Date "2006.01.27"]
[Round "9"]
[White "Heberla,B"]
[Black "Petr,Ma"]
[Result "1-0"]
[WhiteElo "2487"]
[BlackElo "2416"]

1.e4 e6 2.d4 d5 3.Nc3 Nf6 4.e5 Nfd7 5.f4 c5 6.Nf3 Nc6 7.Be3 a6 8.Qd2 b5 9.dxc5 Bxc5
10.Bxc5 Nxc5 11.Qf2 Qb6 12.b4 Nd7 13.a3 Bb7 14.Bd3 Rc8 15.Ne2 Qxf2+ 16.Kxf2 f6
17.Ned4 Nxd4 18.Nxd4 fxe5 19.fxe5 O-O+ 20.Kg3 Nxe5 21.Nxe6 Rf6 22.Nc5 Nxd3
23.cxd3 Rcf8 24.h3 Rg6+ 25.Kh2 Rf2 26.Rhg1 Bc8 27.Rae1 Kf7 28.Re5 Ra2 29.Rxd5 Rxa3
30.Rf1+ Rf6 31.Re1 Be6 32.Rde5 Bf5 33.Re7+ Kg6 34.R1e3 Rf7 35.Rxf7 Kxf7 36.Rf3 Kg6
37.g4 Bc8 38.Rf8 Bb7 39.Nxb7 Rxd3 40.Nc5 Ra3 41.Ra8 Ra2+ 42.Kg3 Rb2 43.Rxa6+ Kf7
44.Nd3  1-0

[Event "14th FAJR Open"]
[Site "Tehran IRI"]
[Date "2006.01.29"]
[Round "8"]
[White "Safarli,E"]
[Black "Gleizerov,E"]
[Result "0-1"]
[WhiteElo "2391"]
[BlackElo "2562"]

1.e4 e6 2.d4 d5 3.Nc3 Nf6 4.e5 Nfd7 5.f4 c5 6.Nf3 a6 7.Be3 Qb6 8.Na4 Qa5+
9.c3 cxd4 10.b4 Qc7 11.Qxd4 a5 12.b5 b6 13.Qd2 Nc5 14.Nxc5 bxc5 15.Bd3 Nd7
16.f5 Nb6 17.f6 gxf6 18.exf6 e5 19.O-O Bd6 20.Bh6 e4 21.Ng5 Bb7 22.Bxe4 dxe4
23.Nxf7 Bxh2+ 24.Kh1 Kxf7 25.Qg5 Rhg8 26.Bg7 Qe5 27.Rf5 Qg3 28.Qh5+ Qg6 29.Kxh2 Qxh5+
30.Rxh5 e3 31.Re1 Nc4 32.Rxc5 Rac8 33.Rh5 Be4 34.b6 Rgd8 35.Bh6 Rd3 36.Rh4 Bd5
37.Bf4 Kxf6 38.Bc7 Rg8 39.Rf4+ Ke6 40.Rg1 Ne5 41.c4 Ba8 42.Rh4 Nf3+ 43.gxf3 Rd2+
44.Kh3 Rxg1 45.Rh6+ Rg6 46.Rh5 e2  0-1

[Event "11th HIT Open A"]
[Site "Nova Gorica SLO"]
[Date "2006.01.30"]
[Round "6"]
[White "Korneev,O"]
[Black "Kovacevic,A"]
[Result "1/2-1/2"]
[WhiteElo "2649"]
[BlackElo "2535"]

1.e4 e6 2.d4 d5 3.Nc3 Nf6 4.e5 Nfd7 5.f4 c5 6.Nf3 Nc6 7.Be3 a6 8.Qd2 b5 9.a3 Qb6
10.Be2 cxd4 11.Nxd4 Bc5 12.Rd1 Bb7 13.h4 Nxd4 14.Bxd4 Bxd4 15.Qxd4 Qxd4 16.Rxd4 f6
17.exf6 gxf6 18.Rd2 Nb6 19.Rh3  1/2-1/2

[Event "TCh-FIN 2005-6"]
[Site "Jyvaskyla FIN"]
[Date "2006.02.11"]
[Round "7"]
[White "Luukkonen,T"]
[Black "Tella,J"]
[Result "1-0"]
[WhiteElo "2230"]
[BlackElo "2427"]

1.e4 e6 2.d4 d5 3.Nc3 Nf6 4.e5 Nfd7 5.f4 c5 6.Nf3 Nc6 7.Be3 cxd4 8.Nxd4 Bc5
9.Qd2 a6 10.O-O-O O-O 11.Qf2 Bb4 12.Nce2 Na5 13.Ng3 Qe8 14.Bd3 Nc4 15.Nh5 f6
16.Qh4 g6 17.Bxc4 dxc4 18.Nxf6+ Nxf6 19.exf6 Qf7 20.Nf3 Qxf6 21.Ng5 Rf7 22.f5 Bf8
23.Bd4 e5 24.Bxe5 Qxe5 25.Nxf7 Kxf7 26.Qxh7+ Qg7 27.fxg6+ Ke7 28.Qh4+ Qf6
29.Rhe1+ Be6 30.Rd7+  1-0

[Event "13th Open Metalis"]
[Site "Bizovac CRO"]
[Date "2006.02.25"]
[Round "6"]
[White "Predojevic,B"]
[Black "Jurkovic,A"]
[Result "1-0"]
[WhiteElo "2553"]
[BlackElo "2352"]

1.e4 e6 2.d4 d5 3.Nc3 Nf6 4.e5 Nfd7 5.f4 c5 6.Nf3 Nc6 7.Be3 a6 8.Qd2 b5 9.a3 Qb6
10.Ne2 a5 11.c3 Ba6 12.f5 b4 13.fxe6 fxe6 14.Nf4 bxc3 15.bxc3 cxd4 16.cxd4 Bxf1
17.Rxf1 Nd8 18.Kf2 Be7 19.Kg1 O-O 20.h4 Nf7 21.Nh5 Rac8 22.Rab1 Qa6 23.Qf2 Rc3
24.Qg3 g6 25.Bd2 Rxa3 26.Nf4 Kh8 27.Qg4 Nd8 28.Ng5 Rf5 29.Nxh7 Rxf4 30.Qxf4 Qd3
31.Nf6  1-0

[Event "1st ONGC Cup"]
[Site "Hyderabad IND"]
[Date "2006.03.03"]
[Round "8"]
[White "Deepan,C"]
[Black "Reefat,S"]
[Result "1/2-1/2"]
[WhiteElo "2428"]
[BlackElo "2478"]

1.e4 e6 2.d4 d5 3.Nc3 Nf6 4.e5 Nfd7 5.f4 c5 6.Nf3 Nc6 7.Be3 a6 8.Qd2 b5 9.a3 Qa5
10.Be2 b4 11.Nd1 c4 12.a4 Qc7 13.O-O Be7 14.Bf2 Na5 15.Ne3 Nb6 16.Bd1 c3
17.bxc3 bxc3 18.Qe1 Bd7 19.Be2 Nac4 20.a5 Na4 21.Bxc4 dxc4 22.d5 Qxa5 23.d6 Bd8
24.Kh1 O-O 25.Bh4 f5 26.Bxd8 Raxd8 27.Nd4 Rfe8 28.h3 Qb6 29.Nf3 Qb7 30.Rb1 Qe4
31.Ng5 Qa8 32.Nd1 h6 33.Nf3 Rb8 34.Ra1 Qe4 35.Qxe4 fxe4 36.Nd4 g6 37.Nf2 Nc5
38.Ng4 Rf8 39.Nxh6+ Kg7 40.Ng4 Nb3 41.cxb3 cxb3 42.Ra3 b2 43.Rb1 Rfc8 44.Ne3 Rb4
45.Nec2 Rb6 46.Kg1 Kf7 47.Kf2 Rc4 48.Ke3 Ba4 49.Ra2 a5 50.g4 Bxc2 51.Nxc2 a4
52.h4 Rcb4 53.Na3 Rb3 54.Nc2 R3b5 55.Na3 Rb3 56.Nc2  1/2-1/2

[Event "TCh-FIN 2005-6"]
[Site "Espoo FIN"]
[Date "2006.03.11"]
[Round "8"]
[White "Agopov,M"]
[Black "Tella,J"]
[Result "0-1"]
[WhiteElo "2386"]
[BlackElo "2427"]

1.e4 e6 2.d4 d5 3.Nc3 Nf6 4.e5 Nfd7 5.f4 c5 6.Nf3 Nc6 7.Be3 cxd4 8.Nxd4 Bc5
9.Qd2 a6 10.O-O-O O-O 11.h4 Nxd4 12.Bxd4 b5 13.h5 b4 14.Na4 Bxd4 15.Qxd4 Qa5
16.b3 Bb7 17.Kb1 Rfc8 18.h6 g6 19.Bd3 Bc6 20.Nb2 Bb5 21.Rd2 Nc5 22.g4 Nxd3
23.Nxd3 Bxd3 24.Qxd3 Rc3 25.Qd4 Rac8 26.Rc1 R8c5 27.Qf2 Qd8 28.f5 Qe7 29.Rd4 Rc8
30.Rf4 R3c7 31.f6 Qf8 32.Qb6 Rc6 33.Qb7 a5 34.g5 Qc5 35.a4 Qc3 36.Rf2 Qxe5
37.Rg2 Qe4 38.Rd2 Qe3 39.Rg2 Rc3 40.Rgg1 Qc5 41.Rgd1 Qc6 42.Qxc6 R8xc6 43.Re1 Kf8
44.Re2 Ke8 45.Rd1 Kd7 46.Kc1 Rxb3 47.Rxd5+ exd5 48.Re7+ Kd6 49.Rxf7 Rbc3
50.Rxh7 Rxc2+ 51.Kb1 b3 52.Rb7 b2 53.h7 Rh2 54.f7 Rc1+  0-1

[Event "TCh-BEL 2005-6"]
[Site "Belgium BEL"]
[Date "2006.03.12"]
[Round "10"]
[White "Laurent,B"]
[Black "Groffen,H"]
[Result "1/2-1/2"]
[WhiteElo "2337"]
[BlackElo "2185"]

1.e4 e6 2.d4 d5 3.Nc3 Nf6 4.e5 Nfd7 5.f4 c5 6.Nf3 Nc6 7.Be3 a6 8.Qd2 b5 9.Be2 Bb7
10.O-O Qb6 11.Nd1 cxd4 12.Nxd4 Nxd4 13.Bxd4 Bc5 14.c3 b4 15.Kh1 Bxd4 16.cxd4 O-O
17.Ne3 f5 18.g4 g6 19.Rf2 Kh8 20.Rg1 Rg8 21.h4 Raf8 22.Rfg2 Nb8 23.g5 Nc6
24.Rd1 a5 25.h5 Kg7 26.Bf3 Ne7 27.Kg1 Rc8 28.Kf2 Bc6 29.Rh2 Rh8 30.Rdh1 Ba4
31.Kg3 Be8 32.Rd1 Ba4 33.Rdh1 Be8 34.Rd1 Ba4 35.Rdh1  1/2-1/2

[Event "TCh-FIN 2005-6"]
[Site "Espoo FIN"]
[Date "2006.03.12"]
[Round "9"]
[White "Sorsa,N"]
[Black "Kytoniemi,J"]
[Result "0-1"]
[WhiteElo "2222"]
[BlackElo "2272"]

1.e4 e6 2.d4 d5 3.Nc3 Nf6 4.e5 Nfd7 5.f4 c5 6.Nf3 Nc6 7.Be3 a6 8.Qd2 b5 9.f5 cxd4
10.Bxd4 Nc5 11.O-O-O b4 12.Ne2 Qa5 13.Kb1 Ne4 14.Qe3 Rb8 15.Nc1 Nxd4 16.Nxd4 exf5
17.Ncb3 Qb6 18.Bd3 Be6 19.Bxe4 fxe4 20.Qf4 Be7 21.Nxe6 Qxe6 22.Nd4 Qh6 23.Qxh6 gxh6
24.Nf5 Rg8 25.Rxd5 Rxg2 26.Rd4 Rc8 27.Ne3 Re2 28.Nc4 Rd8 29.Nd6+ Bxd6 30.exd6 Kd7
31.Rf1 Ke6 32.Kc1 f5 33.h3 Ke5 34.Rfd1 Rd7 35.Rd5+ Ke6 36.c4 bxc3 37.bxc3 Rxa2
38.Kb1 Ra4 39.Kc2 e3 40.R1d3 Re4 41.R5d4 Rxd4 42.cxd4 f4 43.Rc3 Kxd6 44.Kd3 Re7
45.Ra3 e2 46.Rxa6+ Kd5 47.Ra5+ Kc6 48.Ra6+ Kb7  0-1

[Event "ch-BLR"]
[Site "Minsk BLR"]
[Date "2006.03.15"]
[Round "12"]
[White "Fedorov,Alex"]
[Black "Novitzkij,D"]
[Result "1-0"]
[WhiteElo "2608"]
[BlackElo "2373"]

1.e4 e6 2.d4 d5 3.Nc3 Nf6 4.e5 Nfd7 5.f4 c5 6.Nf3 Nc6 7.Be3 a6 8.Qd2 b5 9.Bd3 Qb6
10.Qf2 cxd4 11.Nxd4 Nxd4 12.Bxd4 Bc5 13.Ne2 Bxd4 14.Qxd4 Bb7 15.Qxb6 Nxb6
16.Nd4 g6 17.b3 Ke7 18.Kd2 Nd7 19.h4 h5 20.a4 bxa4 21.Rxa4 Nc5 22.Ra3 Rhc8
23.b4 Ne4+ 24.Ke3 Ng3 25.Rh3 Ne4 26.c4 a5 27.bxa5 Nc5 28.cxd5 Bxd5 29.Bb5 Ne4
30.Rh1 Rc5 31.Bd3 Nc3 32.Rc1 Rac8 33.Ne2 Nxe2 34.Rxc5 Rxc5 35.Bxe2 Bxg2 36.a6 Rc8
37.Bf3 Bxf3 38.Kxf3 Ra8 39.a7 Kd7 40.Ke4 Kc6 41.Kd4 Kb5 42.Kc3 Rc8+ 43.Kb3 Ra8
44.Ra1 Kc5 45.Kc3 Kb5 46.Kb3 Kc5 47.Ra5+ Kd4 48.Kb4 Ke4 49.Kc5 Kxf4 50.Kb6 Kg4
51.Kb7 Re8 52.a8=Q Rxa8 53.Rxa8 Kxh4 54.Rf8 g5 55.Rxf7 g4 56.Rf6 g3 57.Rg6 Kh3
58.Rxe6 h4 59.Rg6 g2 60.e6 Kh2 61.e7 g1=Q 62.Rxg1 Kxg1 63.e8=Q h3 64.Qe1+ Kg2
65.Qe4+ Kg1 66.Qg4+  1-0

[Event "ch-ARG s/f"]
[Site "Buenos Aires ARG"]
[Date "2006.03.22"]
[Round "2"]
[White "Dos Santos,R"]
[Black "Maldonado,G"]
[Result "1-0"]
[WhiteElo "2376"]
[BlackElo "2107"]

1.e4 e6 2.d4 d5 3.Nc3 Nf6 4.e5 Ne4 5.Nxe4 dxe4 6.Be3 c5 7.dxc5 Qa5+ 8.c3 Nd7
9.Qc2 Nxe5 10.Qxe4 Nd7 11.b4 Qa4 12.Nf3 Be7 13.Nd4 a6 14.Bd3 Nf6 15.Qf3 Qd7
16.Rd1 Nd5 17.Be4 Nxc3 18.c6 Qc7 19.cxb7 Bxb7 20.Bxb7 Rd8 21.Bc6+ Kf8  1-0

[Event "ch-ARG s/f"]
[Site "Buenos Aires ARG"]
[Date "2006.03.23"]
[Round "3"]
[White "Quarracino,S"]
[Black "Orsini,A"]
[Result "0-1"]
[WhiteElo "2041"]
[BlackElo "2257"]

1.e4 e6 2.d4 d5 3.Nc3 Nf6 4.e5 Nfd7 5.f4 c5 6.Nf3 Nc6 7.Be3 cxd4 8.Nxd4 Bc5
9.Qd2 O-O 10.O-O-O a6 11.Na4 Bb4 12.c3 Be7 13.Nb3 b5 14.Nac5 Nb6 15.Qf2 Nc4
16.Bxc4 bxc4 17.Nd4 Qc7 18.Nxc6 Qxc6 19.g4 a5 20.Rhf1 a4 21.f5 exf5 22.gxf5 f6
23.e6 Ra5 24.Nd7 Bxd7 25.exd7 a3 26.d8=Q axb2+ 27.Kb1 Bxd8 28.Rd2 Rb5 29.Rxb2 Bc7
30.Rxb5 Qxb5+ 31.Ka1 Rb8 32.Bd4 Bd6 33.Qc2 Be5 34.Bxe5 fxe5 35.f6 gxf6 36.Rxf6 d4
37.Rf1 Kh8 38.Rg1 d3 39.Qg2 Qb7 40.Qf2 Qe7 41.Qe3 Rd8 42.Re1 e4 43.Rd1 Qe5
44.Rc1 d2 45.Rd1 Rd3 46.Qh6 Qxc3+ 47.Kb1 Qb4+ 48.Ka1 Qc3+ 49.Kb1 Rd8 50.Qb6 Qd3+  0-1

[Event "ch-ARG s/f"]
[Site "Buenos Aires ARG"]
[Date "2006.03.25"]
[Round "5"]
[White "Lalanne,P"]
[Black "Maldonado,G"]
[Result "0-1"]
[WhiteElo "2205"]
[BlackElo "2107"]

1.e4 e6 2.d4 d5 3.Nc3 Nf6 4.e5 Ne4 5.Nxe4 dxe4 6.Be3 c5 7.dxc5 Qc7 8.Qg4 Qxe5
9.O-O-O h5 10.Bb5+ Bd7 11.Qe2 Bxc5 12.Bxc5 Qxc5 13.Bxd7+ Nxd7 14.Qxe4 O-O-O
15.Ne2 Nf6 16.Qf4 Rd5 17.f3 Rhd8 18.Nc3 Rd4 19.Rxd4 Rxd4 20.Qg3 g6 21.Re1 Rc4
22.Re2 Nd5 23.Ne4 h4 24.Qxh4 Kb8 25.Qd8+ Qc8 26.Qxc8+ Rxc8 27.Ng5 Rc7 28.Re4 b5
29.Kd2 Kc8 30.c3 Kd8 31.Rh4 Ke7 32.Rh7 Kf6 33.Ne4+ Ke5 34.g3 a5 35.h4 b4
36.h5 bxc3+ 37.bxc3 gxh5 38.Rxh5+ f5 39.Nf2 Rxc3 40.Nd3+ Kd6 41.Rh8 Ra3 42.Rd8+ Ke7
43.Ra8 Rxa2+ 44.Ke1 Ra3 45.Ke2 Ra2+ 46.Ke1 a4 47.Nc5 Nc3 48.Ra6 Re2+ 49.Kf1 Re3
50.Kg2 Re2+ 51.Kf1 Re3 52.Kg2 Re2+ 53.Kf1 Ra2 54.Rxe6+ Kf7 55.Ra6 a3 56.Nb3 Nb1
57.f4 Rb2 58.Nc1 Rc2 59.Nb3 a2 60.Ke1 Rh2 61.Nc1 Rh1+ 62.Kf2 Rxc1 63.Rxa2 Nc3
64.Ra6 Ne4+ 65.Kg2 Rc3 66.Ra7+ Kg6 67.Ra5 Rxg3+ 68.Kh2 Rg4 69.Kh3 Rxf4 70.Ra8 Rg4  0-1

[Event "TCh-FRA Top 16 Gp A"]
[Site "Montpellier FRA"]
[Date "2006.03.30"]
[Round "4"]
[White "Kogan,Ar"]
[Black "Komarov,D"]
[Result "1-0"]
[WhiteElo "2560"]
[BlackElo "2516"]

1.e4 e6 2.d4 d5 3.Nc3 Nf6 4.e5 Nfd7 5.f4 c5 6.Nf3 Nc6 7.Be3 a6 8.Qd2 b5 9.a3 Qa5
10.dxc5 Bxc5 11.Bxc5 Nxc5 12.Nd4 Nxd4 13.Qxd4 Ne4 14.b4 Qc7 15.Nxe4 dxe4
16.c4 O-O 17.cxb5 axb5 18.Bxb5 Rxa3 19.Rxa3 Qc1+ 20.Kf2 Qxa3 21.Ra1 Qb3 22.Ba4 e3+
23.Kg3 Qd5 24.Qxd5 exd5 25.Bc6 d4 26.b5 h5 27.b6 d3 28.Kf3 e2 29.Ke3 Bg4
30.Kd2 Rc8 31.Ra8  1-0

[Event "Liguilla Femenina"]
[Site "Lima PER"]
[Date "2006.04.02"]
[Round "3"]
[White "Aliaga Fernandez,I"]
[Black "Morales Mendoza,L"]
[Result "1-0"]
[WhiteElo "2019"]
[BlackElo "2154"]

1.e4 e6 2.d4 d5 3.Nc3 Nf6 4.e5 Nfd7 5.f4 c5 6.Nf3 Nc6 7.Be3 a6 8.Qd2 b5 9.dxc5 Bxc5
10.Bxc5 Nxc5 11.Qf2 Qb6 12.Bd3 b4 13.Ne2 a5 14.O-O Ba6 15.Kh1 g6 16.Bxa6 Rxa6
17.Qh4 Ne4 18.Ng5 Nxg5 19.Qxg5 h6 20.Qf6 Rg8 21.Qh4 Nd4 22.Nxd4 Qxd4 23.c3 bxc3
24.bxc3 Qa7 25.Qxh6 Rb6 26.Qh7 Rf8 27.Rad1 Rb2 28.c4 Qe3 29.cxd5 exd5 30.Qh4 Qe4
31.Qg4 Ke7 32.Qg5+ Kd7 33.Rfe1 Qc4 34.Qf6 Rfb8 35.Qxf7+ Kc8 36.e6  1-0

[Event "Mephisto Schloss Open A"]
[Site "Werther GER"]
[Date "2006.04.08"]
[Round "4"]
[White "Souleidis,G"]
[Black "Tereick,B"]
[Result "0-1"]
[WhiteElo "2433"]
[BlackElo "2226"]

1.e4 e6 2.d4 d5 3.Nc3 Nf6 4.e5 Nfd7 5.f4 c5 6.Nf3 Qb6 7.Be3 a6 8.a3 Nc6 9.dxc5 Bxc5
10.Na4 Qa5+ 11.b4 Qxa4 12.bxc5 O-O 13.c4 Qa5+ 14.Qd2 Rd8 15.Qxa5 Nxa5 16.cxd5 exd5
17.Rb1 Nb8 18.Bd3 Nbc6 19.Kf2 Nc4 20.Bxc4 dxc4 21.Rhc1 Rd3 22.Nd2 Rxa3 23.Nxc4 Ra2+
24.Kg1 Bf5 25.Rxb7 Be4 26.Rb2 Rxb2 27.Nxb2 a5 28.Ra1 Bc2 29.Kf2 a4 30.Nc4 Bb3
31.Na3 Rd8 32.Ke2 Kf8 33.Rc1 Ke7 34.g4 h5 35.gxh5 Rh8 36.Rg1 Rxh5 37.Rxg7 Rxh2+
38.Kd3 Ra2 39.Bc1 Nb4+ 40.Ke4 Re2+ 41.Kd4 Re1 42.Bb2 Rd1+ 43.Ke4 Bd5+ 44.Ke3 Ke6
45.Nb5 Rd3+ 46.Ke2 Bc4 47.Nc7+ Kd7 48.e6+ Kxc7 49.Be5+ Kc6 50.exf7 Rd7+ 51.Ke3 Bxf7
52.Bd6 a3 53.Kd2 a2 54.Rg1 Bg6 55.Ke2 Bb1 56.Be5 Re7  0-1

[Event "Open NOR-ch"]
[Site "Oslo NOR"]
[Date "2006.04.10"]
[Round "3"]
[White "Wilsbeck,J"]
[Black "Ferkingstad,S"]
[Result "0-1"]
[WhiteElo "1919"]
[BlackElo "2228"]

1.e4 e6 2.d4 d5 3.Nc3 Nf6 4.e5 Nfd7 5.f4 c5 6.Nf3 Nc6 7.Ne2 b5 8.Be3 a5 9.dxc5 Bxc5
10.Bxc5 Nxc5 11.Ned4 Nxd4 12.Qxd4 Qb6 13.O-O-O Bd7 14.f5 b4 15.Kb1 a4 16.Be2 b3
17.cxb3 axb3 18.a3 Ra4 19.Qf2 Qa5 20.Rd4 Ne4 21.Rxa4 Qxa4 22.Qd4 Qa5 23.Rc1 O-O
24.fxe6 Bxe6 25.Bd3 g6 26.Ka1 Rb8 27.h4 Qd8 28.h5 Rc8 29.Kb1 Rxc1+ 30.Kxc1 Bf5
31.Bxe4 Bxe4 32.hxg6 hxg6 33.Kd2 Qc8 34.Qc3 Qg4 35.Ne1 Bxg2 36.Qxb3 Be4 37.Qe3 Qf5
38.Qg3 d4 39.b4 Qe6 40.Qg5 Qc8 41.Qf6 Bf5 42.Qg5 Bg4 43.Kd3 Qc3+ 44.Ke4 Qxe1+
45.Kxd4 Qg1+ 46.Kc3 Qg3+ 47.Kb2 Qf2+ 48.Kc3 Be6 49.Qd8+ Kh7 50.Qg5 Qf3+ 51.Kd4 Qd5+
52.Ke3 Qc4 53.Kd2 Qd4+ 54.Ke2 Bg4+ 55.Kf1 Qd3+ 56.Kf2 Qf3+  0-1

[Event "LII Nacional Abierto"]
[Site "Mexico City MEX"]
[Date "2006.04.11"]
[Round "1"]
[White "Gongora Montes,B"]
[Black "Varguez Baquedaro,A"]
[Result "1-0"]
[WhiteElo "2251"]
[BlackElo "1986"]

1.e4 e6 2.d4 d5 3.Nc3 Nf6 4.e5 Nfd7 5.Nce2 c5 6.c3 Nc6 7.f4 Qb6 8.Nf3 cxd4
9.cxd4 Bb4+ 10.Nc3 f6 11.Bd3 O-O 12.a3 Be7 13.Bc2 fxe5 14.dxe5 Ndxe5 15.fxe5 Nxe5
16.Rf1 Nxf3+ 17.gxf3 Bh4+ 18.Ke2 Qc7 19.Qd3 Rf5 20.Be3 Bd7 21.Rh1 Bc6 22.Rag1 g6
23.Bd4 e5 24.Qxf5 exd4 25.Nxd5 Re8+ 26.Kd1 Qd6 27.Nf4 Bxf3+ 28.Kd2 Be1+ 29.Kc1  1-0

[Event "44th Doeberl Cup"]
[Site "Canberra AUS"]
[Date "2006.04.15"]
[Round "3"]
[White "Song,R"]
[Black "Chow,S"]
[Result "1-0"]
[WhiteElo "2157"]
[BlackElo "2200"]

1.e4 e6 2.d4 d5 3.Nc3 Nf6 4.e5 Nfd7 5.f4 c5 6.Nf3 Nc6 7.Be3 a6 8.Qd2 b5 9.dxc5 Bxc5
10.Bxc5 Nxc5 11.Qf2 Qb6 12.Bd3 b4 13.Ne2 a5 14.O-O Ba6 15.Rad1 Na4 16.Qxb6 Nxb6
17.Ned4 Nxd4 18.Nxd4 Nc4 19.Bxc4 dxc4 20.Rfe1 g6 21.Nc6 Bb5 22.Nd4 Ba6 23.Nc6 Bb5
24.Rd6 O-O 25.Red1 Kg7 26.Kf2 Rfc8 27.Nd4 Ba4 28.g4 c3 29.b3 Be8 30.f5 exf5
31.gxf5 Kg8 32.f6 a4 33.Ke3 axb3 34.axb3 h6 35.h4 Ra5 36.Nf3 Bc6 37.Rd8+ Rxd8
38.Rxd8+ Kh7 39.e6 Rf5 40.exf7 Rxf3+ 41.Ke2 Rxf6 42.f8=Q Rxf8 43.Rxf8 Be4
44.Kd1 g5 45.hxg5 hxg5 46.Rb8 Bf3+ 47.Ke1 Be4 48.Rxb4 Bxc2 49.Rb7+ Kg6 50.b4 Be4
51.Rc7 c2 52.b5 g4 53.b6 g3 54.Rxc2  1-0

[Event "44th Doeberl Cup"]
[Site "Canberra AUS"]
[Date "2006.04.16"]
[Round "5"]
[White "Dizdarevic,M"]
[Black "Smerdon,D"]
[Result "0-1"]
[WhiteElo "2169"]
[BlackElo "2460"]

1.e4 e6 2.d4 d5 3.Nc3 Nf6 4.e5 Nfd7 5.f4 c5 6.Nf3 Nc6 7.Be3 a6 8.Qd2 cxd4
9.Nxd4 Bc5 10.O-O-O Nxd4 11.Bxd4 b5 12.Qf2 Qc7 13.Bd3 b4 14.Ne2 a5 15.Bb5 O-O
16.Kb1 Bxd4 17.Nxd4 Nc5 18.Bd3 a4 19.Nb5 Qc6 20.Nd6 f6 21.Qd4 Ba6 22.Bxa6 Rxa6
23.Rc1 a3 24.b3 Nd7 25.Rhf1 Qb6 26.c3 fxe5 27.fxe5 Rxf1 28.Rxf1 Nxe5 29.Nc8 Qc7
30.Qxe5 Qxc8 31.Qf4 Qe8 32.Qxb4 Qg6+ 33.Ka1 h6 34.Qf8+ Kh7 35.Qf2 e5 36.Qf5 Rc6
37.Qxe5 Re6 38.Qg3 Qc2  0-1